| 000 | 00581nam a22001937a 4500 | ||
|---|---|---|---|
| 999 |
_c17722 _d17722 |
||
| 003 | AR-CdUCM | ||
| 008 | 190509b ||||| |||| 00| 0 spa d | ||
| 040 |
_aMUNICIPALIDAD PROVINCIAL DEL CUSCO _cBIBLIOTECA MUNICIPAL DEL CUSCO |
||
| 082 |
_a193 / _bN56 |
||
| 100 |
_aNietzsche _937872 |
||
| 245 | _aLa génesis de la moral / | ||
| 260 |
_aBuenos Aires : _bTor, |
||
| 300 |
_a160 páginas ; _c19 cm. |
||
| 505 | _aContenido : La génesis de la moral | ||
| 650 |
_aFilosofía clásica _916454 |
||
| 700 |
_aGregori, A. _937873 |
||
| 942 |
_2ddc _cLIBROS |
||
| 945 |
_arah _d09/05/2019 |
||